| 000 | 00000nam##2200000za#4500 |
| 001 | 9.601410 |
| 003 | CaOODSP |
| 005 | 20210624210048 |
| 007 | cr ||||||||||| |
| 008 | 150406|2007||||xxc|||||o f|0| 0 fre|d |
| 022 | |a1919-5117 |
| 040 | |aCaOODSP|bfre |
| 043 | |an-cn--- |
| 086 | 1 |aFs70-6/2007-036F-PDF |
| 110 | 1 |aCanada. |bMinistère des pêches et des océans. |bRégion du Québec. |
| 245 | 10|aÉtat de l'océan en 2006 : |h[ressource électronique]|bconditions d'océanographie physique dans le golfe du Saint-Laurent |
| 246 | 17|aRégion du Québec : état de l'océan, conditions d'océanographie physique |
| 260 | |aMont-Joli - Québec : |bPêches et Océans Canada. |cSeptembre 2007. |
| 300 | |a13p.|bcartes en couleur, figures (certaines en couleur), graphiques, références |
| 490 | 1 |aSecrétariat canadien de consultation scientifique, avis scientifique|x1919-5117|v2007/036, Région du Québec |
| 590 | |a11-20-Supp|b2011-09-29 |
| 775 | 08|tState of the ocean 2006 : |w(CaOODSP)9.570763 |
| 830 | #0|aAvis scientifique (Secrétariat canadien de consultation scientifique)|x1919-5117|v2007/036, Région du Québec|w(CaOODSP)9.502624 |
| 856 | 40|ahttp://publications.gc.ca|qPDF|s788 Ko|uhttps://publications.gc.ca/collections/collection_2011/mpo-dfo/Fs70-6-2007-036-fra.pdf|y2007/036, Région du Québec |